00651nam a2200169 a 450000100100000000500170001000800410002704000250006808200170009310000370011024501430014726000620029030000210035250400270037365000350040065000460043500000647820200929153932.0090831s1947 dr 000 0 spa d aDO-SdBNPbspacBNPHU a361.3bH519a1 aHenríquez A. , Carmen Adolfina10aAsistencia social :bdoce lecciones para un cursillo de capacitación de auxiliares del servicio social /cCarmen Adolfina Henríquez A. aCuidad Trujillo, República Dominicana :b[s.n.],c1947. a110 p. ;c23 cm. aBibliografía: p. 107 4aAsistencia socialxEnseñanza 4aAsistencia socialzRepública Dominicana